Harry Potter: les Boursouflets - Statistiques

Statistiques générales
  • Ce quiz a été pris 36 fois
  • Le résultat moyen est 5 sur 6
Statistiques - réponses
Information Réponses % Correct
Propriétaire Ginny Weasley
100%
Boursouflet connu Arnold
86%
Première apparition Harry Potter et le Prince de Sang-Mêlé
86%
Dernière apparition Harry Potter et le Prince de Sang-Mêlé
86%
Statut Animal
79%
Description Petite boule de poil
62%
Aucun quiz correspondant
Distribution des résultats
% des personnes avec chaque résultat
Percentile par nombre de réponses
Votre historique - résultats
Vous n’avez pas pris ce quiz